Türkiye'de orta öğretim (Record no. 2636)

MARC details
000 -BAŞLIK
Sabit Uzunlukta Kontrol Alanı 00817na a2200265 4500
001 - KONTROL NUMARASI
Denetim Alanı 19199
003 - KONTROL NUMARASI IDENTIFIER
Denetim Alanı MIRAKIL
005 - SON İŞLEM TARİHİ VE ZAMANI
Denetim Alanı 20181213154904.0
008 - SABİT-BOY VERİ ELEMANLARI - GENEL BİLGİLER
Sabit Uzunlukta Kontrol Alanı 161209b tu 000 0
020 ## - ULUSLARARASI STANDART KİTAP NUMARASI
Uluslararası Standart Kitap Numarası 9751714664
040 ## - KATALOGLAMA KAYNAK
Orijinal Kataloglama Ajansı Milas
Kataloglama Dili tur
Metne Dönüştürmek Ajansı TR-AnCHP
041 ## - DİL KODU
Metin / Ses Parça Veya Ayrı Başlığın Dil Kodu tur
082 ## - DEWEY ONLU SINIFLANDIRMA NUMARASI
Sınıflandırma Numarası 373.09561
Ürün Numarası Y91t 1994
090 ## - SINIFLAMA NUMARASI
Sınıflama Numarası 373.09561 Y91t 1994
100 ## - ANA GİRİŞ - KİŞİSEL İSİM
Kişisel Ad Yücel, Hasan Ali
245 ## - BAŞLIK TABLOSU
Başlık Türkiye'de orta öğretim
Sorumluluk Tablosu, Vb Hasan Ali Yücel
260 ## - YAYIN, DAĞITIM, VB
Yayın, Dağıtım, Vb Yeri Ankara
Yayıncı, Dağıtıcı, Vs Adı Kültür Bakanlığı
Yayın, Dağıtım, Vb Tarihi 1994
300 ## - FİZİKSEL TANIM
Kapsam xviii, 652 s.
Diğer Fiziksel Ayrıntıları res.,tbl.;
Boyutlar 24 sm.
440 ## - SERİSİ TABLOSU / KATMA GİRİŞİ - BAŞLIK
Başlık T.C. Kültür Bakanlığı yayınları
Hacim / Ardışık Tanımı 1681
490 ## - SERİSİ TABLOSU
Seri Beyanı Yayımlar Dairesi Başkanlığı başvuru kitapları dizisi
Hacim / Ardışık Tanımı 31
504 ## - KAYNAKÇA VB NOT
Kaynakça Vb Notu Kaynakça var.
650 ## - KONU KATMA GİRİŞ - TOPİKAL DÖNEM
Topikal Süreli Veya Coğrafi Ad Giriş Elemanı Eğitim
Genel Alt Bölümü Orta öğretim
Coğrafi Alt Bölümü Türkiye
651 ## - KONU KATMA GİRİŞ - COĞRAFİ ADI
Coğrafi İsim Türkiye
Genel Alt Bölümü Orta öğretim
942 ## - EKLENDİ GİRİŞ ELEMANLARI (KOHA)
Sınıflandırma Veya Raf Düzeni Kaynak
Koha Öğesi Türü Books
999 ## - SİSTEM KONTROL NUMARALARI (KOHA)
Koha Biblionumber 2636
Koha Biblioitemnumber 2636
Holdings
Kalıcı Konum Mevcut Konum Edinme Tarihi Edinim Kaynak Toplam Check-Out'Lar Tam Çağrı Numarası Barkod Tarih Son Görülme İtibaren Geçerli Fiyatlar Koha Öğesi Türü
CHP Kütüphanesi CHP Kütüphanesi 12/09/2016 Bağış   373.09561 Y91t 1994 010218 12/09/2016 12/09/2016 Books